Deutsche Großstädte nach Bundesland - Statistiken

Allgemein
  • Dieses Quiz wurde 805 mal gespielt
  • Das Durchschnittsergebnis liegt bei 66 aus 80
Antwortstatistiken
Bundesland Stadt Einwohner % Korrekt
Bayern München 1.487.708
99%
Berlin Berlin⁠ 3.677.472
98%
Bremen Bremen 563.290
98%
Hamburg Hamburg⁠ 1.853.935
98%
Schleswig-Holstein Kiel 246.243
98%
Nordrhein-Westfalen Köln⁠ 1.073.096
98%
Baden-Württemberg Stuttgart 626.275
98%
Sachsen Dresden 555.351
97%
Nordrhein-Westfalen Düsseldorf 619.477
97%
Hessen Frankfurt am Main 759.224
97%
Sachsen Leipzig 601.866
97%
Saarland Saarbrücken⁠ 179.634
97%
Nordrhein-Westfalen Dortmund 586.852
96%
Niedersachsen Hannover 535.932
96%
Bayern Nürnberg 510.632
96%
Thüringen Erfurt 213.227
95%
Sachsen-Anhalt Magdeburg 236.188
95%
Rheinland-Pfalz Mainz⁠ 217.556
95%
Nordrhein-Westfalen Essen 579.432
94%
Brandenburg Potsdam 183.154
94%
Mecklenburg-Vorpommern Rostock⁠ 208.400
94%
Bayern Augsburg 296.478
93%
Bremen Bremerhaven 113.173
93%
Baden-Württemberg Freiburg im Breisgau⁠ 231.848
92%
Baden-Württemberg Mannheim 311.831
92%
Baden-Württemberg Karlsruhe 306.502
91%
Hessen Wiesbaden⁠ 278.950
91%
Sachsen Chemnitz⁠ 243.105
89%
Nordrhein-Westfalen Duisburg⁠ 495.152
89%
Nordrhein-Westfalen Aachen⁠ 249.070
88%
Nordrhein-Westfalen Bonn⁠ 331.885
88%
Thüringen Jena⁠ 110.502
88%
Hessen Kassel⁠ 200.406
88%
Schleswig-Holstein Lübeck 216.277
88%
Bayern Regensburg 153.542
88%
Nordrhein-Westfalen Bielefeld⁠ 334.002
87%
Niedersachsen Wolfsburg⁠ 123.949
87%
Nordrhein-Westfalen Bochum 363.441
86%
Nordrhein-Westfalen Gelsenkirchen⁠ 260.126
86%
Niedersachsen Braunschweig 248.823
85%
Bayern Ingolstadt 138.016
85%
Nordrhein-Westfalen Münster⁠ 317.713
85%
Sachsen-Anhalt Halle (Saale)⁠ 238.061
84%
Niedersachsen Osnabrück⁠ 165.034
84%
Baden-Württemberg Ulm⁠ 126.949
84%
Bayern Würzburg 126.933
83%
Hessen Darmstadt⁠ 159.631
82%
Baden-Württemberg Heidelberg 159.245
82%
Nordrhein-Westfalen Wuppertal⁠ 354.572
82%
Bayern Fürth⁠ 129.122
81%
Rheinland-Pfalz Koblenz 113.638
81%
Nordrhein-Westfalen Leverkusen 163.851
81%
Nordrhein-Westfalen Mönchengladbach 261.001
81%
Niedersachsen Oldenburg 170.389
81%
Rheinland-Pfalz Trier⁠ 110.570
81%
Hessen Offenbach am Main 131.295
76%
Rheinland-Pfalz Ludwigshafen am Rhein⁠ 172.145
75%
Nordrhein-Westfalen Paderborn 152.531
75%
Nordrhein-Westfalen Oberhausen⁠ 208.752
74%
Niedersachsen Göttingen 116.557
73%
Bayern Erlangen⁠ 113.292
72%
Nordrhein-Westfalen Hamm 179.238
72%
Nordrhein-Westfalen Krefeld⁠ 227.050
70%
Nordrhein-Westfalen Bergisch Gladbach 111.645
68%
Baden-Württemberg Heilbronn 125.613
68%
Niedersachsen Hildesheim⁠ 100.319
68%
Nordrhein-Westfalen Solingen 158.957
68%
Nordrhein-Westfalen Hagen 188.713
67%
Nordrhein-Westfalen Herne⁠ 156.621
67%
Nordrhein-Westfalen Siegen⁠ 101.516
67%
Nordrhein-Westfalen Neuss 152.731
65%
Baden-Württemberg Pforzheim 125.529
65%
Nordrhein-Westfalen Recklinghausen 110.714
65%
Niedersachsen Salzgitter⁠ 103.694
64%
Nordrhein-Westfalen Bottrop 117.311
63%
Baden-Württemberg Reutlingen 116.456
63%
Nordrhein-Westfalen Mülheim an der Ruhr 170.739
61%
Nordrhein-Westfalen Gütersloh 101.158
60%
Nordrhein-Westfalen Moers⁠ 103.725
57%
Nordrhein-Westfalen Remscheid⁠ 111.770
56%
Keine übereinstimmenden Quizze gefunden
Verteilung der Resultate
Anzahl Personen mit jedem Resultat
Perzentil nach korrekt beantworteten Fragen
Ihre Resultats-Entwicklung
Sie haben dieses Quiz noch nicht gespielt